• 首页
  • 本馆介绍
  • 公告通知
  • 最新文献
  • 馆藏检索
  • 电子资源
  • 读者导购
  • 参考咨询
  • 我的图书馆
  • 登录
  • 详细信息显示
  • 放入我的书架
  • 预约/预借图书
  • 作者相关作品
  • 分类相关作品
  • 丛书相关作品
  • 出版社相关作品

书目信息

  • 表格格式
  • 工作单格式
  • 卡片格式
题名:
飘
    
 
作者: 米切尔 著 ;毛荣贵 , 姜淑萱 译
分册:  
出版信息: 北京   北京理工大学出版社  2019
页数: 323页
开本: 21cm
丛书名: 床头灯英语·3000词读物
单 册:
中图分类: H319.4:I , I712.45
科图分类:
主题词: 英语--Ying Yu--汉语--语言读物 , 长篇小说--Chang Pian Xiao Shuo--美国--现代
电子资源:
ISBN: 978-7-5682-6712-0
000 01344nam 2200325 450
001 012001009120
005 20140101112445.0
010    @a978-7-5682-6712-0@dCNY26.80
099    @aCAL 012019079006
100    @a20190919d2019 em y0chiy50 ea
101 1  @achi@aeng@ceng
102    @aCN@b110000
105    @ay z 000ay
106    @ar
200 1  @a飘@APiao@d= Gone with the wind@f(美) 玛格丽特·米切尔著@g毛荣贵, 姜淑萱译@zeng
210    @a北京@c北京理工大学出版社@d2019
215    @a323页@d21cm
225 2  @a床头灯英语·3000词读物@AChuang Tou Deng Ying Yu ·3000 Ci Du Wu@e英汉对照
330    @a《飘》是一部取材于美国南北战争和战后重建的小说,书名直译应为“随风飘逝”,它引自英国诗人欧内斯特斯特·道生的诗句,又取义于小说中的一段概括性描写,出自书中女主人公斯嘉丽之口,大意是说那场战争像飓风一般卷走了她的“整个世界”,她家的农场也“随风飘逝”了。
410  0 @12001 @a床头灯英语·3000词读物@e英汉对照
500 10 @aGone with the wind@mChinese
606 0  @a英语@AYing Yu@x汉语@j语言读物
606 0  @a长篇小说@AChang Pian Xiao Shuo@y美国@z现代
690    @aH319.4:I@v4
690    @aI712.45@v4
701  1 @a米切尔@AMi Qie Er@g(Mitchell, Margaret),@f1900-1949@4著
702  0 @a毛荣贵@AMao Rong Gui@4译
702  0 @a姜淑萱@AJiang Shu Xuan@4译
801  0 @aCN@b上海新华@c20191020
905    @b1187092-5@dH319.4:I@e2082@f4
    
    飘= Gone with the wind/(美) 玛格丽特·米切尔著/毛荣贵, 姜淑萱译.-北京:北京理工大学出版社,2019
    323页;21cm.-(床头灯英语·3000词读物:英汉对照)
    
    
    ISBN 978-7-5682-6712-0:CNY26.80
    《飘》是一部取材于美国南北战争和战后重建的小说,书名直译应为“随风飘逝”,它引自英国诗人欧内斯特斯特·道生的诗句,又取义于小说中的一段概括性描写,出自书中女主人公斯嘉丽之口,大意是说那场战争像飓风一般卷走了她的“整个世界”,她家的农场也“随风飘逝”了。
●
相关链接 在E读中查询图书 在五车中查询图书 在当当中查询图书 在豆瓣中查询图书


正题名:飘     索取号:H319.4:I/2082         预约/预借

序号 登录号 条形码 馆藏地/架位号 状态 备注
1 1187092   211870929   第二样本阅览室/ [索取号:H319.4:I/2082] 在馆    
2 1187093   211870938   第四借阅区/ [索取号:H319.4:I/2082] 在馆    
3 1187094   211870947   第四借阅区/ [索取号:H319.4:I/2082] 在馆    
4 1187095   211870956   第四借阅区/ [索取号:H319.4:I/2082] 在馆    
欢迎您!
大连网信软件有限公司© 版权所有